Encyclopedia of evolution

Αποθηκεύτηκε σε:
Λεπτομέρειες βιβλιογραφικής εγγραφής
Άλλοι συγγραφείς: Pagel, Mark D. (Επιμελητής έκδοσης)
Μορφή: Βιβλίο
Γλώσσα:English
Δημοσίευση: Oxford : Oxford University Press, 2002
Θέματα:
Ετικέτες: Προσθήκη ετικέτας
Δεν υπάρχουν, Καταχωρήστε ετικέτα πρώτοι!

MARC

LEADER 00000nam a2200000 i 4500
001 1/80142
008 080403s2002 eng d
020 |a 0-19-512200-3 (set) 
020 |a 0-19-514864-9 (τ.1) 
020 |a 0-19-514865-7 (τ.2) 
035 |l 10096139 
040 |a GR-MY-UA  |b gre  |e aacr 
041 0 |a eng 
082 0 |a 576.803  |2 (22) 
245 1 0 |a Encyclopedia of evolution /  |c Mark Pagel, editor in chief 
260 |a Oxford :   |b Oxford University Press,   |c 2002 
300 |a 2τ.;  |b εικ., πίν.;  |c 29 εκ. 
504 |a Περιέχει βιβλιογραφικές παραπομπές και ευρετήριο 
505 0 |a Τ. 1. Overview essays, ACAN-HYBRτ. 3. IDEA-ZOOT, Index 
650 0 0 |a Evolution (Biology)  |x Encyclopedias. 
700 1 |a Pagel, Mark D.  |4 edt 
852 |a INST  |b LESVOS  |e 20080403  |h 576.803 ENC  |p 005100038678  |q 005100038678  |t REF  |y 23  |z τ.2 
852 |a INST  |b LESVOS  |e 20080403  |h 576.803 ENC  |p 005100038679  |q 005100038679  |t REF  |y 23  |z τ.1 
852 |a INST  |b LESVOS  |e 20080403  |h 576.803 ENC  |p 005100038678  |q 005100038678  |t REF  |v τ.2:  |y 23  |z τ.2 
852 |a INST  |b LESVOS  |e 20080403  |h 576.803 ENC  |p 005100038679  |q 005100038679  |t REF  |v τ.1:  |y 23  |z τ.1 
853 |a INST  |b LESVOS  |h 576.803 ENC 
901 |a BIBL1-2008-1 
909 |a Λ  |b 142813 
909 |a Λ  |b 142814 
922 |a 1ΕΛΗ  |b 200712  |c ΕΠΕΑΕΚ2/ΤΠ  |d ΕΛΕΥΘΕΡΟΥΔΑΚΗΣ 
970 |a ΓΙΑΛΑΜΑ  |b ΜΑΡΙΑ  |z 2008/04/03